Dangl, V.: Armáda a spoločnosť na prelome 19. a 20. storočia

Podrobná bibliografia
Hlavný autor: Holec, Roman, 1959- (Autor)
Médium: Článok
Jazyk:slovenčina
ISSN:1335-3314
Predmet:

MARC

LEADER 00000nab a2200000 a 4500
001 vtls009330132
003 SK-MaSNL
005 20260426090402.0
008 250507c2008 xo ||||||o| ||00 b|slo
015 |a SNBRB2008/09  |2 snkbucl 
035 |a urn:nbn:sk:snk-ab8dhc 
035 |a (urnnbn)urn:nbn:sk:snk:ar-a085vl 
035 |a (uuid)086b3424-d98e-4dfd-86e4-9d3067710ef6 
038 |a SNKBUCL 
040 |a SNKBUCL  |b slo  |c SNKBUCL  |e AACR2 
041 0 |a slo 
044 |a xo  |c SK 
080 |a 355/359  |x "18/19"  |x (048)  |2 1997 
080 |a 355:32.019.5  |x "18/19"  |x (048)  |2 1997 
080 |a 355.02  |x "18/19"  |x (048)  |2 1997 
080 |a 355.3  |x "18/19"  |x (048)  |2 1997 
080 |a 94(439.5):355  |x "18/19"  |x (048)  |2 1997 
080 |a 94(437.6):355  |x "18/19"  |x (048)  |2 1997 
100 1 |a Holec, Roman,  |d 1959-  |4 aut  |9 101521 
245 1 0 |a Dangl, V.: Armáda a spoločnosť na prelome 19. a 20. storočia  |c Roman Holec 
610 1 7 |a Rakúsko-Uhorsko.  |b Armáda  |2 snkbucl  |9 102495 
648 7 |a 19. stor., koniec-20. stor., začiatok  |2 snkbucl  |9 770987 
650 0 7 |a dejiny armád  |2 snkbucl  |9 1498066 
650 0 7 |a armáda a verejnosť  |2 SNKPH  |9 83677 
650 0 7 |a vojenská politika  |2 snkbucl  |9 1646 
650 0 7 |a vojenské dejiny  |2 snkbucl  |9 70411 
650 0 7 |a monografie  |2 snkbucl  |9 256509 
650 0 7 |a armáda a spoločnosť  |2 snkbucl  |9 1498057 
651 7 |a Rakúsko-Uhorsko  |2 snkbucl  |9 36860 
651 7 |a Slovensko  |2 snkbucl  |9 14231 
655 7 |a recenzie  |2 snkbucl  |9 21907 
773 0 |t Vojenská história  |g Roč. 12, č. 1 (2008), s. 135-137  |x 1335-3314 
787 0 8 |i Rec.:  |a Dangl, Vojtech  |t Armáda a spoločnosť na prelome 19. a 20. storočia  |d Bratislava : Veda, 2006  |z 8022409197 
850 |a Slovenská národná knižnica 
852 |a Slovenská národná knižnica 
954 |a odborná, vedecká literatúra pôvodná (slovenská)  |2 lita 
958 |a article9 
958 |a OND 
958 |a RC 
958 |a EUIPO 
999 |c 2989497  |d 2991427